| 000 | 00621nam a2200193 i 4500 | ||
|---|---|---|---|
| 001 | 26184 | ||
| 003 | ES-MaACL | ||
| 005 | 20251015063045.0 | ||
| 007 | t| | ||
| 008 | 030108s1973 fr ||||1| fre d | ||
| 100 | 1 |
_aAron, Raymond, _d1905-1983 _923155 |
|
| 245 | 1 | 0 |
_aRépublique impériale _b: les Etats-Unis dans le monde 1945-1972 / _cRaymond Aron. |
| 260 |
_aParís : _bCalmann-Lévy, _c[1973] ( _eMayenne : _fFloch) |
||
| 300 |
_a338 p. ; _c24 cm. |
||
| 651 | 4 |
_aEstados Unidos- _xPolítica exterior- _y1945-1989 _9165138 |
|
| 852 |
_aES-MaACL _jE-5618 _bR.90005 |
||
| 942 | _2udc | ||
| 999 |
_c26184 _d26184 |
||